Estadística para biólogos / (Registro nro. 7647)

Detalles MARC
000 -CABECERA
Campo de control interno 01797nam a2200253Ia 4500
008 - ELEMENTOS DE LONGITUD FIJA - INFORMACIÓN GENERAL
Campo de control de longitud fija 260220t1976||||xx |||||||||||||| ||spa||
020 ## - ISBN
ISBN 8428204527
040 ## - FUENTE DE CATALOGACIÓN
Agencia de catalogación original PY-SlUNAC
Idioma de catalogación spa
Convenciones de descripción rda
041 ## - CÓDIGO DE IDIOMA
Código de idioma para texto/pista de sonido o título separado spa
082 ## - NÚMERO DE CLASIFICACIÓN DECIMAL DEWEY
Clasificación Decimal Dewey (CDD) 519.5
Clasificación Expansiva de Cutter (EC) P223e
100 ## - ASIENTO PRINCIPAL - NOMBRE PERSONAL
Nombre personal Parker, R. E.
Rol del autor Autor
245 #0 - TÍTULO
Título Estadística para biólogos /
Mención de responsabilidad por R. E. Parker [Autor]
264 ## - PIE DE IMPRENTA
Lugar Barcelona :
Editorial Omega,
Año ℗1976.
300 ## - DESCRIPCIÓN FÍSICA
Páginas 1 volumen
520 ## - NOTA DE RESUMEN
Nota de resumen "Estadística para biólogos" de R. E. Parker es una obra fundamental que introduce a los biólogos en el uso de la estadística como herramienta esencial para el análisis de datos en investigaciones biológicas. El libro aborda conceptos estadísticos básicos y su aplicación práctica, proporcionando un enfoque accesible para aquellos sin formación previa en estadística. A través de ejemplos concretos y casos de estudio, Parker ilustra cómo aplicar métodos estadísticos a problemas biológicos, como la comparación de grupos, la correlación y el análisis de varianza. Además, enfatiza la importancia de la interpretación adecuada de los resultados estadísticos y de la presentación clara de los datos. Con un estilo didáctico y recursos visuales, la obra facilita la comprensión de técnicas como el muestreo y la estimación, ofreciendo herramientas que permiten a los biólogos tomar decisiones informadas basadas en datos cuantitativos. En definitiva, es un texto valioso que combina teoría y práctica, haciendo de la estadística un aliado en la investigación biológica.
653 ## - MATERIA - TÉRMINO TEMÁTICO NO CONTROLADO (PALABRAS CLAVE)
Materia - término temático no controlado (palabras clave) Biología
653 ## - MATERIA - TÉRMINO TEMÁTICO NO CONTROLADO (PALABRAS CLAVE)
Materia - término temático no controlado (palabras clave) Estadística
653 ## - MATERIA - TÉRMINO TEMÁTICO NO CONTROLADO (PALABRAS CLAVE)
Materia - término temático no controlado (palabras clave) Métodos de investigación
942 ## - ELEMENTOS PERSONALIZADOS (KOHA)
Fecha catalogación 2026/02/17
Tipo de documento Libros
Existencias
Fuente de Clasificacion Colección Ubicacion permanente Biblioteca actual Fecha de Ingreso a la Biblioteca Origen de adquisición Código de ubicación Código de barras Tipo de Item KOHA Nota pública
Dewey Decimal Classification Colección General (CG) Biblioteca e Internet, Facultad de Ciencias Exactas y Naturales Biblioteca e Internet, Facultad de Ciencias Exactas y Naturales 02/20/2026 Donación 519.5 P223e CG1007 Libros Material disponible en la Biblioteca e Intenet, Campus UNA, San Lorenzo.